000
00151 a2200073 4500
020
_a
9781409583769
082
_a
EKF THE
245
_a
THE STORY OF BABY JESUS
999
_c
793204
_d
793203
942
_w
300
_x
Thenjiwe Mabuza
_y
300
_z
Thenjiwe Mabuza